[Event "Olympiad-38"]
[Site "Dresden"]
[Date "2008.11.13"]
[Round "1"]
[White "Kim, Alexey"]
[Black "Samakov, Nurdin"]
[Result "0-1"]
[WhiteElo "2481"]
[BlackElo "2340"]
[PlyCount "196"]
[EventDate "2008.11.13"]
[EventType "team-swiss"]
[EventRounds "11"]
[EventCountry "GER"]
[SourceTitle "CBM 128"]
[Source "ChessBase"]
[SourceDate "2009.01.28"]
[SourceVersion "1"]
[SourceVersionDate "2009.01.28"]
[SourceQuality "1"]
[WhiteTeam "South Korea"]
[BlackTeam "Kyrgyzstan"]
[WhiteTeamCountry "KOR"]
[BlackTeamCountry "KGZ"]

1. e4 c5 2. Nf3 e6 3. g3 Nc6 4. Bg2 Nf6 5. d3 d5 6. Qe2 Be7 7. 0-0 0-0 8. e5 Nd7 9. c4 d4 10. h4 Re8 11. Bf4 Nf8 12. h5 f5 13. exf6 Bxf6 14. Ne5 Nxe5 15. Bxe5 Nd7 16. Bxf6 gxf6 17. Nd2 Rb8 18. Rae1 Kh8 19. Ne4 Qe7 20. Qd2 b6 21. Qf4 Bb7 22. Nd6 Bxg2 23. Kxg2 Rf8 24. Nf5 Qf7 25. Nh6 Qe8 26. Re2 Rd8 27. Rfe1 e5 28. Qf5 Qe7 29. f4 Qg7 30. Ng4 Rg8 31. Kh3 Rdf8 32. Rg1 Re8 33. Rgg2 Rgf8 34. Rgf2 Qe7 35. Re4 Qe6 36. Qxe6 Rxe6 37. Ree2 Rfe8 38. fxe5 fxe5 39. Rf7 R6e7 40. Rxe7 Rxe7 41. Kg2 Kg7 42. Kf3 Kf7 43. Nf2 Nf6 44. g4 Ke6 45. Nh3 Rg7 46. Rg2 h6 47. Nf2 Rf7 48. Ke2 Nh7 49. Ne4 Rf4 50. g5 Nxg5 51. Nxg5+ hxg5 52. Rxg5 Rh4 53. Kf3 Kf6 54. Rg6+ Kf5 55. Rg7 Rxh5 56. Rf7+ Ke6 57. Rxa7 Rh3+ 58. Ke2 Rh2+ 59. Kd1 Rxb2 60. Kc1 Rh2 61. Ra8 Kf5 62. Rf8+ Kg4 63. a4 Ra2 64. Rf6 Rxa4 65. Rxb6 Kf4 66. Re6 Ke3 67. Kc2 Ra2+ 68. Kb3 Ra1 69. Kc2 Ra2+ 70. Kb3 Rh2 71. Rxe5+ Kxd3 72. Rxc5 Rh1 73. Kb2 Rh8 74. Kb3 Rh1 75. Kb2 Rg1 76. Rh5 Kxc4 77. Rh3 Re1 78. Kc2 Re3 79. Rh4 Re2+ 80. Kd1 Re3 81. Kc2 Ra3 82. Rh8 Ra2+ 83. Kb1 Re2 84. Rc8+ Kd3 85. Rh8 Kd2 86. Kb2 Rf2 87. Rh1 d3 88. Rh3 Rf8 89. Rh2+ Ke3 90. Rh3+ Ke2 91. Rh2+ Rf2 92. Rh8 Kd2 93. Rh7 Rf8 94. Rh2+ Ke3 95. Rh3+ Ke2 96. Rh2+ Rf2 97. Rh8 d2 98. Re8+ Kd1 0-1

[Event "Olympiad-37"]
[Site "Turin"]
[Date "2006.05.31"]
[Round "10"]
[White "D'Amore, Carlo"]
[Black "Samakov, Nurdin"]
[Result "1/2-1/2"]
[WhiteElo "2474"]
[BlackElo "2271"]
[PlyCount "105"]
[EventDate "2006.05.21"]
[EventType "team-swiss"]
[EventRounds "13"]
[EventCountry "ITA"]
[SourceTitle "CBM 113"]
[Source "ChessBase"]
[SourceDate "2006.07.31"]
[SourceVersion "1"]
[SourceVersionDate "2006.07.31"]
[SourceQuality "1"]
[WhiteTeam "Italy"]
[BlackTeam "Kyrgyzstan"]
[WhiteTeamCountry "ITA"]
[BlackTeamCountry "KGZ"]

1. e4 e5 2. Nf3 Nc6 3. Bc4 Nf6 4. d3 Be7 5. 0-0 0-0 6. c3 d6 7. h3 h6 8. Bb3 Nh7 9. d4 Ng5 10. Nxg5 Bxg5 11. f4 Bxf4 12. Bxf4 exf4 13. Rxf4 Qg5 14. Rf3 Kh8 15. Nd2 f5 16. Qe2 Bd7 17. Qf2 Rf6 18. exf5 Bxf5 19. Rf1 Raf8 20. Kh2 Ne7 21. Qe2 Ng8 22. Rg3 Qh4 23. Bxg8 Kxg8 24. Qe7 g5 25. Qxc7 Qh5 26. Qxb7 Qe2 27. Qb3+ Be6 28. d5 Rxf1 29. dxe6 Qxd2 30. e7+ Kg7 31. exf8Q+ Rxf8 32. Qb5 Rf2 33. h4 Qf4 34. Qd7+ Kg6 35. Qe8+ Kg7 36. Qe7+ Kg6 37. Qe6+ Kg7 38. hxg5 hxg5 39. b4 Rd2 40. Qg4 Kf6 41. Kh3 Rd1 42. Qxf4+ gxf4 43. Rf3 Ke5 44. Kh2 d5 45. a4 a5 46. bxa5 Ra1 47. Kh3 Rxa4 48. Kg4 Ra2 49. Rxf4 Rxg2+ 50. Kf3 Ra2 51. Rb4 Rxa5 52. Ke3 Ra1 53. Kd3 1/2-1/2

[Event "Olympiad-37"]
[Site "Turin"]
[Date "2006.05.29"]
[Round "8"]
[White "Samakov, Nurdin"]
[Black "Van der Nat, Nicholas P"]
[Result "0-1"]
[WhiteElo "2271"]
[BlackElo "2296"]
[PlyCount "76"]
[EventDate "2006.05.21"]
[EventType "team-swiss"]
[EventRounds "13"]
[EventCountry "ITA"]
[SourceTitle "CBM 113"]
[Source "ChessBase"]
[SourceDate "2006.07.31"]
[SourceVersion "1"]
[SourceVersionDate "2006.07.31"]
[SourceQuality "1"]
[WhiteTeam "Kyrgyzstan"]
[BlackTeam "South Africa"]
[WhiteTeamCountry "KGZ"]
[BlackTeamCountry "RSA"]

1. e4 c5 2. Nf3 Nc6 3. d4 cxd4 4. Nxd4 Nf6 5. Nc3 e5 6. Ndb5 d6 7. Bg5 a6 8. Na3 b5 9. Nd5 Be7 10. Bxf6 Bxf6 11. c3 Bg5 12. Nc2 Rb8 13. g3 a5 14. b4 0-0 15. Bg2 Be6 16. 0-0 Qd7 17. a3 Rfc8 18. Nce3 Ne7 19. f4 Qa7 20. Kh1 Nxd5 21. Nxd5 Bd8 22. Rc1 Rc6 23. Bf3 Rbc8 24. Bg4 Rc4 25. fxe5 dxe5 26. Bxe6 fxe6 27. Qf3 Bg5 28. Nb6 Bxc1 29. Nxc4 bxc4 30. Rxc1 Rf8 31. Qe2 Rf2 32. Qg4 Qe3 33. Rd1 h6 34. bxa5 Qxc3 35. Kg1 Qc2 36. Qh5 Rg2+ 37. Kh1 Qxe4 38. Qh4 Qf3 0-1

[Event "Olympiad-37"]
[Site "Turin"]
[Date "2006.05.22"]
[Round "2"]
[White "Samakov, Nurdin"]
[Black "Mueller, Leonhard"]
[Result "0-1"]
[WhiteElo "2271"]
[BlackElo "2201"]
[PlyCount "86"]
[EventDate "2006.05.21"]
[EventType "team-swiss"]
[EventRounds "13"]
[EventCountry "ITA"]
[SourceTitle "CBM 113"]
[Source "ChessBase"]
[SourceDate "2006.07.31"]
[SourceVersion "1"]
[SourceVersionDate "2006.07.31"]
[SourceQuality "1"]
[WhiteTeam "Kyrgyzstan"]
[BlackTeam "Namibia"]
[WhiteTeamCountry "KGZ"]
[BlackTeamCountry "NAM"]

1. e4 c5 2. Nf3 Nc6 3. d4 cxd4 4. Nxd4 Qb6 5. Nb3 Nf6 6. Nc3 e6 7. a3 Qc7 8. Bd3 a6 9. 0-0 b5 10. f4 d6 11. Qf3 Rb8 12. Kh1 Be7 13. Bd2 0-0 14. Rae1 b4 15. Ne2 bxa3 16. bxa3 e5 17. f5 Bb7 18. c4 a5 19. Nc3 Ba6 20. Nb5 Bxb5 21. cxb5 a4 22. Rc1 axb3 23. Rxc6 Qa7 24. Rb1 d5 25. Rxf6 Bxf6 26. Rxb3 Qa4 27. Rb4 Qxa3 28. exd5 Rfc8 29. h3 Qa2 30. Qe2 Qxd5 31. Be4 Qa2 32. Bb1 Qa1 33. Kh2 Rd8 34. b6 Be7 35. Rb5 e4 36. Bf4 Bd6 37. Qxe4 Qa6 38. Bxd6 Qxb5 39. f6 g6 40. Bc7 Re8 41. Qd3 Rxb6 42. Bxb6 Qxb6 43. Qd7 Qb8+ 0-1

[Event "Wch U20"]
[Site "Istanbul"]
[Date "2005.11.20"]
[Round "11"]
[White "Rohit, Gogineni"]
[Black "Samakov, Nurdin"]
[Result "1-0"]
[WhiteElo "2401"]
[BlackElo "2209"]
[PlyCount "35"]
[EventDate "2005.11.09"]
[EventType "swiss"]
[EventRounds "13"]
[EventCountry "TUR"]
[SourceTitle "CBM 109 Extra"]
[Source "ChessBase"]
[SourceDate "2006.01.03"]
[SourceVersion "2"]
[SourceVersionDate "2006.01.03"]
[SourceQuality "1"]

1. e4 e5 2. Nf3 Nc6 3. Bb5 a6 4. Ba4 Nf6 5. 0-0 Be7 6. Re1 b5 7. Bb3 d6 8. c3 0-0 9. h3 Na5 10. Bc2 c5 11. d4 Nd7 12. b3 exd4 13. cxd4 Nc6 14. Nc3 Nxd4 15. Nxd4 cxd4 16. Nd5 Bb7 17. Bb2 Nc5 18. Bxd4 1-0

[Event "Wch U20"]
[Site "Istanbul"]
[Date "2005.11.11"]
[Round "3"]
[White "Samakov, Nurdin"]
[Black "Glud, Jakob Vang"]
[Result "0-1"]
[WhiteElo "2209"]
[BlackElo "2349"]
[PlyCount "72"]
[EventDate "2005.11.09"]
[EventType "swiss"]
[EventRounds "13"]
[EventCountry "TUR"]
[SourceTitle "CBM 109 Extra"]
[Source "ChessBase"]
[SourceDate "2006.01.03"]
[SourceVersion "2"]
[SourceVersionDate "2006.01.03"]
[SourceQuality "1"]

1. d4 d5 2. Bg5 h6 3. Bf4 Nf6 4. e3 c5 5. c3 Nc6 6. Bd3 Qb6 7. Qc1 Nh5 8. Ne2 e6 9. Be5 Nxe5 10. dxe5 g6 11. 0-0 Bd7 12. c4 0-0-0 13. Nbc3 Bc6 14. Qc2 Be7 15. cxd5 exd5 16. e4 d4 17. Na4 Qa5 18. b3 g5 19. Rfc1 Bxa4 20. bxa4 Qc7 21. Qc4 Qxe5 22. Qxf7 Nf6 23. Rab1 Rhf8 24. Qb3 Rd7 25. f3 Bd6 26. g3 h5 27. f4 gxf4 28. gxf4 Rg7+ 29. Kh1 Nxe4 30. Rf1 Qe7 31. Qc2 Nf6 32. Nxd4 Qc7 33. Nb5 Qc6+ 34. Be4 Qxe4+ 35. Qxe4 Nxe4 36. Rbe1 a6 0-1

[Event "Asia-ch U20"]
[Site "Bikaner"]
[Date "2004.12.24"]
[Round "4"]
[White "Samakov, Nurdin"]
[Black "Gopal, Geetha Narayanan"]
[Result "0-1"]
[WhiteElo "2179"]
[BlackElo "2278"]
[PlyCount "80"]
[EventDate "2004.12.22"]
[EventType "swiss"]
[EventRounds "11"]
[EventCountry "IND"]
[SourceTitle "CBM 104 Extra"]
[Source "ChessBase"]
[SourceDate "2005.03.01"]
[SourceVersion "1"]
[SourceVersionDate "2005.03.01"]
[SourceQuality "1"]

1. e4 c5 2. Nf3 Nc6 3. d4 cxd4 4. Nxd4 Nf6 5. Nc3 e5 6. Ndb5 d6 7. Bg5 a6 8. Na3 b5 9. Nd5 Be7 10. Bxf6 Bxf6 11. c3 Bg5 12. Nc2 Ne7 13. a4 bxa4 14. Rxa4 Nxd5 15. Qxd5 Be6 16. Qd1 d5 17. exd5 Bxd5 18. Rxa6 0-0 19. Nb4 Bb7 20. Rd6 Qxd6 21. Qxd6 Ra1+ 22. Ke2 Rd8 23. Qxd8+ Bxd8 24. f3 f5 25. h4 Ba5 26. Kd2 Kf8 27. Nc2 Rb1 28. b4 Bc7 29. Na3 Rb2+ 30. Nc2 e4 31. Kc1 Rb3 32. Nd4 Rxc3+ 33. Kd2 Ra3 34. Ne6+ Ke7 35. Nxc7 e3+ 36. Ke2 Kd7 37. g3 Kxc7 38. b5 Bd5 39. Bg2 Bc4+ 40. Kd1 Bd3 0-1

[Event "Wch U18"]
[Site "Heraklion"]
[Date "2002.11.23"]
[Round "10"]
[White "Samakov, Nurdin"]
[Black "Cornette, Matthieu"]
[Result "0-1"]
[WhiteElo "2108"]
[BlackElo "2355"]
[PlyCount "80"]
[EventDate "2002.11.15"]
[EventType "swiss"]
[EventRounds "11"]
[EventCountry "GRE"]
[SourceTitle "CBM 091 Extra"]
[Source "ChessBase"]
[SourceDate "2003.01.09"]
[SourceVersion "1"]
[SourceVersionDate "2003.01.09"]
[SourceQuality "1"]

1. d4 d5 2. Nf3 Nf6 3. Bg5 Ne4 4. Bh4 g6 5. e3 Bg7 6. Bd3 Nd6 7. Nbd2 Bf5 8. Bxf5 Nxf5 9. Bg3 Nxg3 10. hxg3 0-0 11. c3 c5 12. 0-0 b6 13. Re1 Nc6 14. Qe2 Qd7 15. Rad1 cxd4 16. exd4 e6 17. Ne5 Nxe5 18. dxe5 Rfc8 19. g4 b5 20. g5 Qe7 21. Qg4 a5 22. Re3 b4 23. c4 Rd8 24. Rde1 h6 25. gxh6 Bxh6 26. R3e2 Rac8 27. cxd5 Rxd5 28. Ne4 Rxe5 29. Nf6+ Qxf6 30. Rxe5 Bd2 31. Qe2 Bxe1 32. Qxe1 Rc2 33. g3 Rxf2 34. Qxf2 Qxe5 35. b3 Qd5 36. Qf6 Qd1+ 37. Kg2 Qc2+ 38. Kg1 Qb1+ 39. Kf2 Qf5+ 40. Qxf5 gxf5 0-1